00710nam a2200205 a 4500008004100000020002200041245007100063260006200134300002900196440005500225500004100280650003400321700004400355700003900399700001900438700002000457003000100477005001700478040000900495  a1903354056 (pbk.)10aManaging hospital records /ceditor Michael Roper , Laura, Millar. aLondon :bInternational Records Management Trust,cc1999. a124 p. :bill. ;c30 cm. aManaging public sector records: a study programme. aIncludes bibliographical references. 1aHospital recordsxmanagement. aInternational Records Management Trust. aInternational Council on Archives. aMillar, Laura. aRoper, Michael.20230120153118.0 cNUST